The (im)possibilities of machine translation
Αποθηκεύτηκε σε:
| Κύριος συγγραφέας: | |
|---|---|
| Μορφή: | Βιβλίο |
| Γλώσσα: | English German |
| Δημοσίευση: |
Frankfurt am Main :
Peter Lang,
2001
|
| Σειρά: | Europaische Hochschulschriften = European university studies. Angelsachsische Sprache und Literatur ;
; Reihe XIV |
| Θέματα: | |
| Ετικέτες: |
Προσθήκη ετικέτας
Δεν υπάρχουν, Καταχωρήστε ετικέτα πρώτοι!
|
MARC
| LEADER | 00000nam a2200000 i 4500 | ||
|---|---|---|---|
| 001 | 1/39871 | ||
| 008 | 030902s2001 eng d | ||
| 020 | |a 3-631-36626-4 | ||
| 035 | |l 10070704 | ||
| 040 | |a GR-MY-UA |b gre |e aacr | ||
| 041 | 0 | |a eng |a ger | |
| 082 | 0 | |a 418.020285 | |
| 100 | 1 | |a Schwarzl, Anja. | |
| 245 | 1 | 4 | |a The (im)possibilities of machine translation / |c Anja Schwarzl |
| 260 | |a Frankfurt am Main : |b Peter Lang, |c 2001 | ||
| 300 | |a 323 p. | ||
| 490 | 1 | |a Europaische Hochschulschriften = European university studies. Angelsachsische Sprache und Literatur |v ; Reihe XIV | |
| 504 | |a Includes bibliographical references and index | ||
| 650 | 0 | 0 | |a Machine translating. |
| 650 | 0 | 0 | |a Translating and interpreting. |
| 830 | 0 | |a Europaische Hochschulschriften = European university studies. Angelsachsische Sprache und Literatur ; |v ; Reihe XIV | |
| 852 | |a INST |b RHODES |e 20030902 |h 418.020285 SCH |p 005400020062 |q 005400020062 |t BK |y 0 | ||
| 901 | |a BIBL4-2003-3 | ||
| 909 | |a Ρ |b 105799 | ||
| 922 | |a 4ΕΛΗ |b 200308 |c ΕΠΕΑΕΚ2/ΤΜΣ |d ΜΙΧΑΛΟΠΟΥΛΟΣ | ||
| 950 | |a 124-2002-10-22 | ||
| 970 | |a ΚΟΥΛΑΚΙΟΤΗ |b ΛΙΤΣΑ |z 2003/09/23 | ||